| 000 | 01232cam a22002054a 4500 | ||
|---|---|---|---|
| 005 | 20250605164049.0 | ||
| 008 | 250528s ||||||||||||||||||||||||d | ||
| 035 | _a17224 | ||
| 020 | _a262610434 | ||
| 040 |
_aGR-AtMCL _bgre _dGR-AtMCL _eAACR2 |
||
| 245 | 1 | _aA Guide to Econometrics / Second Edition | |
| 250 | _a2nd | ||
| 260 |
_bThe MIT Press, _c1986 |
||
| 300 | _a244 | ||
| 520 | _aAn overview of the subject and an intuitive feel for its concepts and techniques without the clutter of notation and technical detail that characterize many econometrics texts. Preface, Introduction, Criteria for Estimators, The Classical Linear Regression Model, Interval Estimation and Hypothesis Testing, Violating Assumption One: Specification Errors, Violating Assumption Two: Nonzero Expected Disturbance, Violating Assumption Three: Non spherical Disturbances, Violating Assumption Four: Measurement Errors and Auto regression, Violating Assumption Five: Multicollinearity, Incorporating Extaneous Information, The Bayesian Approach, Dummy Variables, Qualitative and Limited Dependent Variables, Forecasting, Glossary, Bibliography, Index. | ||
| 700 | 1 |
_aKennedy Peter _93388 |
|
| 942 | _cBK | ||
| 999 |
_c2656 _d2656 |
||